History questions - Statistics

General Stats
  • This quiz has been taken 59 times
  • The average score is 9 of 15
Answer Stats
Question Answer % Correct
The United States bought Alaska from which country? Russia
88%
Where were the first modern Olympics held? Athens
80%
How many days in a week were there in ancient Roman times? 8
78%
Fill in the blank: The 19th Amendment guarantees ____ the right to vote Women
73%
Which famous battle took place on Sunday, June 18th, 1815? The Battle of Waterloo
71%
What was the name of the Ukrainian nuclear power plant that was the site of a nuclear disaster in April 1986? Chernobyl
67%
When was the Declaration of Independence signed? 1776
65%
What year did the French Revolution start? 1789
59%
Which year was George H.W. Bush elected president? 1988
59%
What is considered the largest empire in history? The Mongol Empire
55%
What do the stripes on the American flag represent? The 13 original colonies
45%
Who was the fourth president of the United States? James Madison
43%
What year did the North American Free Trade Agreement (NAFTA) go into effect? 1994
33%
Who was the first American to win a Noble Peace Prize? Theodore Roosevelt
29%
Who sent Christopher Columbus to explore the New World? King Ferdinand of Spain
25%
No matching quizzes found
Score Distribution
Percent of People with Each Score
Percentile by Number Answered
Your Score History
You have not taken this quiz